Państwa, które kiedyś były częścią Danii - Statystyki

Ogólne statystyki
  • Ten quiz został rozwiązany 340 razy
    333 od ostatniego zresetowania
  • Średni wynik to 9 z 12
Statystyki odpowiedzi
% współczesnej
powierzchni
Państwo % Poprawnych
15% Niemcy
98%
100% Norwegia
98%
100% Szwecja
97%
10% Polska
94%
40% Finlandia
93%
100% Islandia
88%
50% Estonia
84%
<1% Rosja
84%
50% Wielka Brytania
84%
<1% Stany Zjednoczone (Wyspy Dziewicze)
65%
<1% Indie (Tranguebar, Serampore i Nikobary)
21%
5% Ghana (Złote Wybrzeże)
10%
Nie znaleziono quizów pasujących do podanych kryteriów
Rozkład punktacji
Procent ludzi z każdym wynikiem
Percentyl według liczby udzielonych odpowiedzi
Twoja historia wyników
Nie rozwiązałeś tego quizu od ostatniego zresetowania